| 000 | 01000nam a2200337 a 4500 | ||
|---|---|---|---|
| 999 |
_c200429104 _d47028 |
||
| 003 | TR-AnTOB | ||
| 005 | 20200910000820.0 | ||
| 007 | ta | ||
| 008 | 111103s2011 tu 000 1 tur d | ||
| 020 | _a9786054125449 | ||
| 040 |
_aBGZ _cBGZ _beng _erda |
||
| 041 | 0 | _atur | |
| 049 | _aBGZA | ||
| 050 | 0 | 0 |
_aPL248.T47 _bT87 2011 |
| 090 | 0 | 0 |
_aPL248.T47 _bT87 2011 |
| 100 | 1 |
_aTerzioğlu, Ahmet Haldun, _d1960- _4author, _9119213 |
|
| 245 | 1 | 0 |
_aTürklerin büyük hakanı Hun Tanhusu : _bMete Han / _cAhmet Haldun Terzioğlu. |
| 246 | 3 | 4 | _aMete Han |
| 264 |
_aAnkara : _bKripto , _c2011. |
||
| 300 |
_a559 p. ; _c21 cm. |
||
| 336 |
_2rdacontent _atext |
||
| 337 |
_2 rdamedia _aunmediated |
||
| 338 |
_2rdacarrier _avolume |
||
| 490 | 0 |
_aTarihi roman dizisi ; _v2. _aGenel yayın no. ; _v41 |
|
| 650 | 0 |
_aTarihi roman _988729 |
|
| 650 | 0 |
_aHistorical fiction _944796 |
|
| 650 | 0 |
_aTurkish literature _97783 |
|
| 650 | 0 |
_aTürk edebiyatı _986354 |
|
| 942 |
_2lcc _cBK |
||